| 000 | 00493nam a2200145 a 4500 | ||
|---|---|---|---|
| 001 | 000036305 | ||
| 005 | 20200930075646.0 | ||
| 008 | 120112s1975 mx a 000 0 spa d | ||
| 040 |
_aDO-SdBNP _bspa _cBNPHU |
||
| 082 |
_axxxx _bL864e |
||
| 100 | 1 |
_aLópez Léautaud, José L _962449 |
|
| 245 | 1 | 0 |
_aEvaluación económica / _cJosé L. López Léautaud. |
| 260 |
_aMéxico : _aBuenos Aires, Argentina : _bMcGraw-Hill _bCentro Regional de Ayuda Técnica :, _c1975. |
||
| 300 |
_a189 p. : _bil. ; _c23 cm. |
||
| 999 |
_c35796 _d35796 |
||